000 00573nam a2200205 i 4500
001 128401
003 ES-MaACL
005 20230906193251.0
007 t|
008 070510s1970 sp ||||1| spa d
080 _a355.02(47)
080 _a359(47)
100 1 _aTalón, Vicente.
_9109134
245 1 4 _aLos rusos en el Mediterráneo /
_cVicente Talón.
260 _aMadrid :
_bSan Martín,
_c[1970]
300 _a232 p. :
_bil. ;
_c19 cm.
650 1 4 _aMarina de guerra-
_zURSS.
_914789
651 4 _aURSS-
_xPolítica militar.
_99480
852 _aES-MaACL
_jC-50683
999 _c128401
_d128401